Happy (Pharrell Williams) - Lyrics - Statistics

General Stats
  • This quiz has been taken 119 times
  • The average score is 129 of 183
Answer Stats
Lyrics % Correct
I
100%
You
98%
A
97%
Happy
97%
I'm
95%
Be
94%
Because
92%
If
90%
Like
90%
To
87%
Along
86%
What
85%
Feel
84%
With
84%
Clap
82%
Do
80%
Roof
80%
Without
80%
Room
79%
The
79%
Is
71%
Happiness
67%
It
67%
That
64%
Am
63%
Truth
62%
Know
61%
Say
60%
Wanna
56%
Crazy
55%
Go
55%
Might
55%
That's
55%
Can
53%
Bout
52%
Seem
52%
Don't
49%
Your
48%
Here
47%
Me
46%
And
45%
Take
45%
Way
41%
Break
40%
By
40%
Care
40%
Come
40%
No
40%
Air
39%
Baby
39%
Balloon
38%
Hot
38%
Space
36%
Sunshine
36%
She's
33%
Got
32%
This
32%
Could
31%
Why
31%
All
30%
I'll
29%
Time
28%
Fine
25%
News
25%
Talking
25%
Waste
25%
Here's
24%
Just
24%
Give
23%
Back
22%
Bad
22%
Hold
21%
Offense
21%
Should
20%
Warn
17%
Probably
15%
Well
15%
Clap Along
8%
No matching quizzes found
Score Distribution
Percent of People with Each Score
Percentile by Number Answered
Your Score History
You have not taken this quiz